<?xml version="1.0" encoding="UTF-8"?>
<record
    xmlns:xsi="http://www.w3.org/2001/XMLSchema-instance"
    xsi:schemaLocation="http://www.loc.gov/MARC21/slim http://www.loc.gov/standards/marcxml/schema/MARC21slim.xsd"
    xmlns="http://www.loc.gov/MARC21/slim">

  <leader>01460nam a22002537a 4500</leader>
  <datafield tag="999" ind1=" " ind2=" ">
    <subfield code="c">4118</subfield>
    <subfield code="d">4118</subfield>
  </datafield>
  <controlfield tag="003">DO-SdBJH</controlfield>
  <controlfield tag="005">20180629151743.0</controlfield>
  <controlfield tag="008">180629b           ||||| |||| 00| 0 spa d</controlfield>
  <datafield tag="020" ind1=" " ind2=" ">
    <subfield code="a">978-84-9793-167-0</subfield>
  </datafield>
  <datafield tag="040" ind1=" " ind2=" ">
    <subfield code="a">DO-SdBJH</subfield>
    <subfield code="b">spa</subfield>
    <subfield code="c">DO-SdBJH</subfield>
  </datafield>
  <datafield tag="082" ind1=" " ind2=" ">
    <subfield code="a">940 K36a4 2013</subfield>
    <subfield code="b">K36a4 2013</subfield>
  </datafield>
  <datafield tag="100" ind1=" " ind2=" ">
    <subfield code="a">Kennedy, Paul</subfield>
  </datafield>
  <datafield tag="245" ind1=" " ind2=" ">
    <subfield code="a">Auge y ca&#xED;da de las grandes potencias /</subfield>
    <subfield code="c"> Paul Kennedy</subfield>
  </datafield>
  <datafield tag="250" ind1=" " ind2=" ">
    <subfield code="a">4 ed.</subfield>
  </datafield>
  <datafield tag="260" ind1=" " ind2=" ">
    <subfield code="a">Barcelona :  </subfield>
    <subfield code="b">Penguin Random House,</subfield>
    <subfield code="c">2013.</subfield>
  </datafield>
  <datafield tag="300" ind1=" " ind2=" ">
    <subfield code="a">1021 p&#xE1;ginas</subfield>
  </datafield>
  <datafield tag="504" ind1=" " ind2=" ">
    <subfield code="a">Incluye &#xED;ndice</subfield>
  </datafield>
  <datafield tag="505" ind1="2" ind2=" ">
    <subfield code="a">Agradecimientos 7 -- Introducci&#xF3;n 9 -- ESTRATEGIA Y ECONOMIA EN EL MUNDO PREINDUSTRIAL -- El ascenso del mundo occidental 27 -- La puja por el dominio de los Habsburgo, 1519-1659 69 -- Finanzas, geograf&#xED;a y victorias guerreras, 1660-1915 133 -- ESTRATEGIA Y ECONOMIA EN LA ERA INDUSTRIAL -- La industrializaci&#xF3;n y los equilibrios mundiales cambiantes, 1815-1885 237 -- El advenimiento de un mundo bipolar y la crisis de las &#xAB;potencias medianas&#xBB;: primer parte, 1885-1918 315 -- El advenimiento de un mundo bipolar y la crisis de las &#xAB;potencias medianas&#xBB;: segunda parte, 1919-1942 437 -- ESTRATEGIA Y ECONOMIA DE HOY Y DE MA&#xD1;ANA -- Estabilidad y cambio en un mundo bipolar, 1943-1980 545 -- Hacia el siglo XXI 683 -- Ep&#xED;logo 832 -- Notas 839</subfield>
  </datafield>
  <datafield tag="650" ind1=" " ind2="4">
    <subfield code="a">Historia Universal  </subfield>
  </datafield>
  <datafield tag="650" ind1=" " ind2="4">
    <subfield code="a">Imperialismo </subfield>
  </datafield>
  <datafield tag="650" ind1=" " ind2="4">
    <subfield code="a">Sociolog&#xED;a Hist&#xF3;rica</subfield>
  </datafield>
  <datafield tag="700" ind1=" " ind2=" ">
    <subfield code="a">J. Ferrer Aleu</subfield>
    <subfield code="e">Traductor </subfield>
  </datafield>
  <datafield tag="942" ind1=" " ind2=" ">
    <subfield code="2">ddc</subfield>
    <subfield code="c">BK</subfield>
    <subfield code="z">8</subfield>
  </datafield>
  <datafield tag="952" ind1=" " ind2=" ">
    <subfield code="0">0</subfield>
    <subfield code="1">0</subfield>
    <subfield code="2">ddc</subfield>
    <subfield code="4">0</subfield>
    <subfield code="7">0</subfield>
    <subfield code="8">CG</subfield>
    <subfield code="a">BJPS</subfield>
    <subfield code="b">BJPS</subfield>
    <subfield code="c">GEN</subfield>
    <subfield code="d">2018-06-29</subfield>
    <subfield code="i">18-EARD-00960</subfield>
    <subfield code="l">0</subfield>
    <subfield code="o">940 K36a4 2013</subfield>
    <subfield code="p">18-EARD-00960</subfield>
    <subfield code="r">2018-06-29 00:00:00</subfield>
    <subfield code="t">Ej.1</subfield>
    <subfield code="w">2018-06-29</subfield>
    <subfield code="y">BK</subfield>
  </datafield>
  <datafield tag="952" ind1=" " ind2=" ">
    <subfield code="0">0</subfield>
    <subfield code="1">0</subfield>
    <subfield code="2">ddc</subfield>
    <subfield code="4">0</subfield>
    <subfield code="7">0</subfield>
    <subfield code="8">CG</subfield>
    <subfield code="a">BJHA</subfield>
    <subfield code="b">BJHA</subfield>
    <subfield code="c">GEN</subfield>
    <subfield code="d">2019-11-22</subfield>
    <subfield code="i">19-02424</subfield>
    <subfield code="l">0</subfield>
    <subfield code="o">940 K36a 2013</subfield>
    <subfield code="p">19-02424</subfield>
    <subfield code="r">2019-11-22 00:00:00</subfield>
    <subfield code="t">e.1</subfield>
    <subfield code="w">2019-11-22</subfield>
    <subfield code="y">BK</subfield>
  </datafield>
</record>
